Nalogovaja politika Švecii: celevaja napravlennost" i mechanizm.
Analýza systému daňového zaťaženia vo Švédsku. Zákon o obecnej dani a jeho podsystém miestnych a regionálnych daňových vzťahov firiem a obyvateľstva. Zásady pri zdaňovaní osobných príjmov obyvateľstva. Daňové úľavy a sankcie.
Na minha lista:
| Autor principal: | |
|---|---|
| Outros Autores: | , |
| Formato: | Capítulo de Livro |
| Idioma: | russo |
| Assuntos: | |
| Tags: |
Sem tags, seja o primeiro a adicionar uma tag!
|
MARC
| LEADER | 00000naa a2200000 4500 | ||
|---|---|---|---|
| 001 | r005357 | ||
| 005 | 20221130103912.9 | ||
| 041 | 0 | |a rus | |
| 044 | |a [SU] | ||
| 245 | 1 | 0 | |a Nalogovaja politika Švecii: celevaja napravlennost" i mechanizm. |c O. Rogova, L. Moisejeva, A. Logvina |
| 520 | |a Analýza systému daňového zaťaženia vo Švédsku. Zákon o obecnej dani a jeho podsystém miestnych a regionálnych daňových vzťahov firiem a obyvateľstva. Zásady pri zdaňovaní osobných príjmov obyvateľstva. Daňové úľavy a sankcie. | ||
| 610 | 2 | 0 | |a politika daňová |
| 610 | 2 | 0 | |a Švédsko |
| 610 | 2 | 0 | |a úľavy daňové |
| 610 | 2 | 0 | |a dane z príjmov |
| 610 | 2 | 0 | |a dane podnikové |
| 610 | 2 | 0 | |a dane |
| 100 | 1 | |a Rogova, O. | |
| 700 | 1 | |a Moisejeva, L. | |
| 700 | 1 | |a Logvina, A. | |